000
00328cam a2200133ua 4500
003
OSt
008
250108b |||||||| |||| 00| 0 eng d
082
_a
621.384
_b
SON/SE
245
_a
Service Notes on Transistery Receivers /
250
_a
/
260
_a
Japan :
_b
Sony Corporation ,
_c
1961.
300
_a
26 ; .
942
_c
BK
999
_c
3177
_d
3177